000 00490nam a2200181Ia 4500
001 18446
005 20260306171631.0
008 260306s9999||||xx |||||||||||||| ||und||
041 _aESP
082 _a658.404
_bL88
100 _aLópez Varela, Pablo
_eAUT
245 0 _aPlanificación, programación y control de proyectos mediante técnicas de camino crítico
260 _c2007
300 _a215 páginas :
_c29 cm.
650 _aGEN
654 _aCAN
942 _cLIB
_dJUS
_fJUS
_2ddc
_n
999 _c18446
_d18446